| 000 | 00592nam a22001577a 4500 | ||
|---|---|---|---|
| 003 | OSt | ||
| 005 | 20150906152921.0 | ||
| 008 | 150906b xxu||||| |||| 00| 0 eng d | ||
| 040 | _cRUA | ||
| 082 | _aAGR ជា 1990 B001 Or.1 | ||
| 100 |
_9120 _aជា អ៊ាកឃី |
||
| 245 | _aលក្ខណៈក្សេត្រគីមីរបស់ដីនៅជប់ខេត្តកំពង់ចាម និង គុណភាពរបស់វាក្នុងការដាំកៅស៊ូ | ||
| 260 |
_aPhnom Penh _bRUA _c1990 |
||
| 300 |
_a121p. _bill. _c29cm. |
||
| 942 |
_2ddc _cAGR |
||
| 999 |
_c109 _d109 |
||